000 00435 a2200157 4500
001 63893
020 _a8516029301
040 _cAnchieta - Pituba
100 _aPereira, Lygia da Veiga
240 1 0 _aSequenciaram o genoma humano... E agora?
_lpor
245 1 0 _aSequenciaram o genoma humano... E agora?
300 _a111
362 0 _a2001
650 4 _aGenética fisiológica (Genética molecular humana) Genoma humano
942 _cBK
999 _c63893
_d63893